Top 10 Most Popular Digital Camera Brands in the World - Statistics

General Stats
  • This quiz has been taken 201 times
    199 since last reset
  • The average score is 6 of 10
Answer Stats
Rank Answer % Correct
1 Canon
94%
2 Nikon
90%
3 Sony
90%
6 Fujifilm
67%
7 Panasonic Lumix
66%
4 Olympus
51%
9 Kodak
47%
8 Samsung
43%
5 Pentax
34%
10 GoPro
29%
No matching quizzes found
Score Distribution
Percent of People with Each Score
Percentile by Number Answered
Your Score History
You have not taken this quiz since the last reset